000 00597nam a22001817a 4500
005 20251108165236.0
008 250721s1985 xx 000 0 ara d
082 1 4 _a956.94/بيف
100 1 _aبيفون، فلاديمير
245 1 0 _aغزو بلا سلاح :
_bحول أساليب العمل الخفي للصهيونية العالمية /
264 1 _aبيروت :
_bدار الفارابي،
_c1985.
300 _a165ص
650 1 7 _aالصهيونية
650 1 7 _aاليهود
700 1 _aالخميسي، عبد الرحمن
_eترجمة
942 _2ddc
_cBK
999 _c23024
_d23024